000 00600nam a22001817a 4500
008 170817b xxu||||| |||| 00| 0 eng d
020 _a971550292x
082 _21998
_aDFil 330.0122
_bH97
100 _922184
_aHutchcroft, Paul D.
245 _aBooty capitalism:
_bthe politics of banking in the Philippines/
_cPaul D. Hutchcroft.
260 _aQuezon City:
_bADMU Press,
_cc1998.
300 _avii, 278 pages;
_c23 cm.
500 _aInclude index.
650 0 _922185
_aCapitalism - Philippines.
650 0 _922186
_aPhilippines - Economic conditions.
365 _aPhp.
_b385.00
942 _2ddc
_cDFIL
999 _c7300
_d7300